000 00506nam a2200181Ia 4500
001 45559
008 140428s9999 xx 000 0 und d
020 _aNA
040 _cPK-LaUMT
082 _aRHC 321.0094
_bTAH-M
100 _aTahseen Faraqi
245 _aMagharibi jumhooriyyat ahl-e-maghrib ki nazar mein (Urdu)
_cTahseen Faraqi
260 _aLahore,Pakistan:
_bMarkaz-e-Tahqeeq, Diyal Singh Trust Library,
_c1983
300 _a79 p.
546 _aUR
650 _aWestern democracy
942 _cBK
999 _c43527
_d43527